| 000 | 00527nam a22001937a 4500 | ||
|---|---|---|---|
| 005 | 20260515115033.0 | ||
| 008 | 240902b |||||||| |||| 00| 0 eng d | ||
| 020 | _a9789360786663 | ||
| 040 |
_aIN-DiNC _cIN-DiNC |
||
| 041 | _dasm | ||
| 082 |
_a954.03 _bBOR |
||
| 100 |
_aBorah, Kalyan _eauthor |
||
| 245 |
_aBharatbarshar itihas (1757-1947) _cby Kalyan Borah |
||
| 250 | _a1st ed. | ||
| 260 |
_aGuwahati: _bAshok publication, _c2024. |
||
| 300 | _a183p. | ||
| 650 | _aHistory of modern India (1757-1947) | ||
| 942 |
_2ddc _cBK |
||
| 999 |
_c11898 _d11898 |
||